Lo libre de les dones / (Record no. 61557)
[ view plain ]
| 000 -LEADER | |
|---|---|
| campo de control de longitud fija | 00920nam a2200229 i 4500 |
| 001 - NÚMERO DE CONTROL | |
| campo de control | 61557 |
| 003 - IDENTIFICADOR DE NÚMERO DE CONTROL | |
| campo de control | ES-MaACL |
| 007 - CAMPO FIJO DE DESCRIPCIÓN FÍSICA--INFORMACIÓN GENERAL | |
| campo de control de longitud fija | t| |
| 008 - DATOS DE LONGITUD FIJA--INFORMACIÓN GENERAL | |
| campo de control de longitud fija | 031112s1981 sp ||||1| cat d |
| 100 1# - ENTRADA PRINCIPAL--NOMBRE DE PERSONA | |
| Nombre de persona | Eximenis, Francesc. |
| 9 (RLIN) | 48424 |
| 245 13 - MENCIÓN DEL TÍTULO | |
| Título | Lo libre de les dones / |
| Mención de responsabilidad, etc. | Francesc Eximenis ; edició crítica a cura de Frank Naccarato ; sota la direcció de Joan Coromines ; introducció i apéndix de Curt Wittlin ; glossari a cura d'Agust Bover i Font. |
| 260 ## - PUBLICACIÓN, DISTRIBUCIÓN, ETC. | |
| Lugar de publicación, distribución, etc. | Barcelona : |
| Nombre del editor, distribuidor, etc. | Universitat de Barcelona, Departament de Filologia Catalana, |
| Fecha de publicación, distribución, etc. | 1981. |
| 300 ## - DESCRIPCIÓN FÍSICA | |
| Extensión | 2 v. ; |
| Dimensiones | 22 cm. |
| 490 1# - MENCIÓN DE SERIE | |
| Mención de serie | Biblioteca Torres Amat ; |
| Designación de volumen o secuencia | 9,10 |
| 700 1# - ENTRADA AGREGADA--NOMBRE PERSONAL | |
| Nombre de persona | Naccarato, Frank. |
| 9 (RLIN) | 84777 |
| 700 1# - ENTRADA AGREGADA--NOMBRE PERSONAL | |
| Nombre de persona | Coromines, Joan, |
| Fechas asociadas al nombre | 1905-1997 |
| 9 (RLIN) | 40667 |
| 700 1# - ENTRADA AGREGADA--NOMBRE PERSONAL | |
| Nombre de persona | Wittlin, Curt. |
| 9 (RLIN) | 117192 |
| 700 1# - ENTRADA AGREGADA--NOMBRE PERSONAL | |
| Nombre de persona | Bover i Font, August. |
| 9 (RLIN) | 31122 |
| 830 0# - PUNTO DE ACCESO ADICIONAL DE SERIE-TÍTULO UNIFORME | |
| Título uniforme | Biblioteca Torres Amat ; |
| Designación de volumen o secuencia | 9,10 |
| 9 (RLIN) | 230601 |
| 852 ## - LOCALIZACIÓN | |
| Ubicación | ES-MaACL |
| Número de control de estantería | L-6958-9 |
| Sublocalización o colección | R.107927 |
| Estatus retirado | Estado de pérdida | Estado de daño | No para préstamo | Biblioteca de origen | Biblioteca actual | Ubicación en estantería | Fecha de adquisición | Fuente de adquisición | Total de préstamos | Signatura topográfica completa | Código de barras | Visto por última vez | Precio de reemplazo | Tipo de ítem Koha |
|---|---|---|---|---|---|---|---|---|---|---|---|---|---|---|
| Biblioteca del Ateneo de Madrid | Biblioteca del Ateneo de Madrid | Depósito 2 | 17/01/2008 | L-6958-9 | 1064545 | 23/02/2023 | 23/02/2023 | Libro impreso |
